• 首页
  • 本馆介绍
  • 公告通知
  • 最新文献
  • 馆藏检索
  • 电子资源
  • 读者导购
  • 参考咨询
  • 我的图书馆
  • 登录
  • 详细信息显示
  • 放入我的书架
  • 预约/预借图书
  • 作者相关作品
  • 分类相关作品
  • 丛书相关作品
  • 出版社相关作品

书目信息

  • 表格格式
  • 工作单格式
  • 卡片格式
题名:
商品归类基础
    
 
作者: 刘文丽 , 蒋小竹 编著
分册:  
出版信息: 北京   中国商务出版社  2012
页数: 353页
开本: 23cm
丛书名:
单 册:
中图分类: F760.2
科图分类:
主题词: 商品--分类--高等职业教育--教材 , 商品
电子资源:
ISBN: 978-7-5103-0653-2
000 00908nam0 2200277 450
001 523
005 20140909101312.43
010    @a978-7-5103-0653-2@dCNY37.00
100    @a20120706d2012 em y0chiy50 ea
101 0  @achi
102    @aCN@b110000
105    @ay z 000yy
106    @ar
200 1  @a商品归类基础@e2012年版@f刘文丽,蒋小竹编著
205    @a6版
210    @a北京@c中国商务出版社@d2012
215    @a353页@d23cm
300    @a商务部“十二五”规划系列教材 中国国际贸易学会“十二五”规划教材 全国外经贸院校21世纪高职高专统编教材
330    @a本书共24编,分别是:《商品名称及编码协调制度》、协调制度归类总规则、动物产品、植物产品、矿产品、化学工业及其相关工业的产品等。
606 0  @a商品@x分类@x高等职业教育@j教材
606 0  @a商品
690    @aF760.2@v5
701  0 @a刘文丽@4编著
701  0 @a蒋小竹@4编著
801  0 @aCN@bTANGWEI@c20140603
905    @b0842975-77@dF760.2@e35=6@f3
    
    商品归类基础:2012年版/刘文丽,蒋小竹编著.-6版.-北京:中国商务出版社,2012
    353页;23cm
    商务部“十二五”规划系列教材 中国国际贸易学会“十二五”规划教材 全国外经贸院校21世纪高职高专统编教材
    
    ISBN 978-7-5103-0653-2:CNY37.00
    本书共24编,分别是:《商品名称及编码协调制度》、协调制度归类总规则、动物产品、植物产品、矿产品、化学工业及其相关工业的产品等。
●
相关链接 在E读中查询图书 在五车中查询图书 在当当中查询图书 在豆瓣中查询图书


正题名:商品归类基础     索取号:F760.2/35=6         预约/预借

序号 登录号 条形码 馆藏地/架位号 状态 备注
1 0842975   208429752   第一样本阅览室/ [索取号:F760.2/35=6] 在馆    
2 0842976   208429761   经管系资料室/ [索取号:F760.2/35=6] 在馆    
3 0842977   208429770   第一借阅区/ [索取号:F760.2/35=6] 在馆    
唐山师范学院图书馆 欢迎您!
大连网信软件有限公司© 版权所有